[Event "TUR-chT 1st League"]
[Site "Konya"]
[Date "2019.07.25"]
[Round "6.4"]
[White "Sakir, Ridvan"]
[Black "Pektas, Yigit"]
[Result "1-0"]
[WhiteElo "2297"]
[BlackElo "2111"]
[PlyCount "111"]
[EventDate "2019.07.22"]
[EventType "team-swiss"]
[EventRounds "9"]
[EventCountry "TUR"]
[SourceTitle "CBM 191 Extra"]
[Source "ChessBase"]
[SourceDate "2019.09.30"]
[SourceVersion "1"]
[SourceVersionDate "2019.09.30"]
[SourceQuality "1"]
[WhiteTeam "Manisa Turkuaz"]
[BlackTeam "Burdurspor Dernegi"]
[WhiteTeamCountry "TUR"]
[BlackTeamCountry "TUR"]

1. e4 c6 2. d4 d5 3. Nc3 dxe4 4. Nxe4 Bf5 5. Ng3 Bg6 6. h4 h6 7. Nf3 Nd7 8. h5 Bh7 9. Bd3 Bxd3 10. Qxd3 e6 11. Bd2 Ngf6 12. 0-0-0 Be7 13. Kb1 0-0 14. Ne4 Nxe4 15. Qxe4 Nf6 16. Qe2 Qd5 17. Ne5 Bd6 18. Nc4 Bc7 19. Bc1 c5 20. Ne3 Qc6 21. dxc5 Qxc5 22. g4 Rac8 23. f3 Bf4 24. Rd3 b5 25. Ng2 Bxc1 26. Rxc1 Nd5 27. Qd2 b4 28. Ka1 Rc6 29. Nf4 Nc3 30. Qe3 Qc4 31. b3 Ra6 32. Rxc3 Qxc3+ 33. Qxc3 bxc3 34. Rd1 Rc8 35. Rd3 Kf8 36. Ne2 Rac6 37. a3 a5 38. Ka2 Ke7 39. Re3 Rc5 40. b4 axb4 41. axb4 Rb5 42. Kb3 Rcb8 43. Re4 f5 44. gxf5 Rxf5 45. Nd4 Rxh5 46. Nc6+ Kd6 47. Nxb8 Rf5 48. Rc4 h5 49. Rc6+ Ke7 50. Rxc3 h4 51. Nc6+ Kf7 52. f4 Rxf4 53. b5 Rf1 54. Kc4 Rb1 55. Nb4 Ke7 56. Rd3 1-0

[Event "TUR-chT 1st League"]
[Site "Konya"]
[Date "2019.07.24"]
[Round "4.5"]
[White "Pektas, Yigit"]
[Black "Basgonul, Bekir Serkan"]
[Result "1-0"]
[WhiteElo "2111"]
[BlackElo "1850"]
[PlyCount "75"]
[EventDate "2019.07.22"]
[EventType "team-swiss"]
[EventRounds "9"]
[EventCountry "TUR"]
[SourceTitle "CBM 191 Extra"]
[Source "ChessBase"]
[SourceDate "2019.09.30"]
[SourceVersion "1"]
[SourceVersionDate "2019.09.30"]
[SourceQuality "1"]
[WhiteTeam "Burdurspor Dernegi"]
[BlackTeam "Genc Akademisyenler"]
[WhiteTeamCountry "TUR"]
[BlackTeamCountry "TUR"]

1. d4 Nf6 2. Bg5 g6 3. Bxf6 exf6 4. Nf3 d5 5. g3 Bg7 6. Bg2 0-0 7. 0-0 f5 8. e3 Nd7 9. c4 dxc4 10. Qc2 c5 11. Rd1 cxd4 12. Nxd4 Qe7 13. Na3 Ne5 14. Nxc4 Be6 15. Nxe6 Qxe6 16. Nd6 Rfd8 17. Nxb7 Rxd1+ 18. Rxd1 Qxa2 19. Bd5 Qa6 20. f4 Ng4 21. Nc5 Qc8 22. Bb7 Qe8 23. Bxa8 Qxa8 24. Rd3 h5 25. h3 Nf6 26. b4 h4 27. gxh4 Qb8 28. Qc4 Qa8 29. Qa2 Qf3 30. Qg2 Qh5 31. Qf2 Kh7 32. Kg2 Ng8 33. Rd7 Nh6 34. Rxa7 Bf6 35. Rd7 Bxh4 36. Qf3 Ng4 37. hxg4 fxg4 38. Qd5 1-0

[Event "TUR-chT 1st League"]
[Site "Konya"]
[Date "2019.07.22"]
[Round "1.11"]
[White "Yerden, Huseyin Eren"]
[Black "Pektas, Yigit"]
[Result "1/2-1/2"]
[WhiteElo "1992"]
[BlackElo "2111"]
[PlyCount "170"]
[EventDate "2019.07.22"]
[EventType "team-swiss"]
[EventRounds "9"]
[EventCountry "TUR"]
[SourceTitle "CBM 191 Extra"]
[Source "ChessBase"]
[SourceDate "2019.09.30"]
[SourceVersion "1"]
[SourceVersionDate "2019.09.30"]
[SourceQuality "1"]
[WhiteTeam "Kahramanmaras CC"]
[BlackTeam "Burdurspor Dernegi"]
[WhiteTeamCountry "TUR"]
[BlackTeamCountry "TUR"]

1. d4 d5 2. c4 e6 3. Nf3 Nf6 4. g3 Be7 5. Bg2 0-0 6. 0-0 dxc4 7. Ne5 c5 8. dxc5 Bxc5 9. Nxc4 Qe7 10. Nc3 Rd8 11. Qe1 Nc6 12. Bg5 Bd4 13. Ne4 e5 14. e3 Be6 15. Qe2 Bc5 16. Rac1 h6 17. Nxf6+ gxf6 18. Bh4 Bf5 19. Bxc6 bxc6 20. e4 Bh3 21. Rfe1 Qe6 22. Qf3 Kg7 23. Na5 Bg4 24. Qxf6+ Qxf6 25. Bxf6+ Kxf6 26. Rxc5 Rd2 27. Rxc6+ Kg7 28. Nc4 Bd7 29. Nxd2 Bxc6 30. Nc4 f6 31. f3 Rd8 32. Rc1 Bb5 33. Na3 a6 34. Nxb5 axb5 35. Rc2 h5 36. Kf2 Rd1 37. Ke3 Re1+ 38. Re2 Rf1 39. Rf2 Rc1 40. a3 Kf7 41. f4 Ke6 42. fxe5 fxe5 43. Kd2 Rh1 44. Re2 Kd6 45. Ke3 Ke6 46. Kf3 Rd1 47. Kg2 Kd6 48. Rc2 Rd3 49. Kf2 Rd1 50. Ke3 Re1+ 51. Kd3 Rd1+ 52. Rd2 Re1 53. Re2 Rf1 54. Kc3 Kc5 55. Rd2 Kc6 56. Rg2 Kc5 57. g4 Rf3+ 58. Kc2 hxg4 59. Rxg4 Rf2+ 60. Kc3 Rf3+ 61. Kc2 Rf2+ 62. Kd3 Rf3+ 63. Ke2 Rb3 64. Rg2 Rxb2+ 65. Kf3 Rb3+ 66. Kg4 Kd4 67. Ra2 Kxe4 68. h4 Kd3 69. h5 Rb1 70. Rh2 e4 71. h6 Rg1+ 72. Kf4 Rg8 73. Rh3+ Kd4 74. h7 Rh8 75. Kg3 e3 76. Rh6 Kd3 77. Rd6+ Ke2 78. Rd7 Kf1 79. Rd1+ Ke2 80. Rd7 Ke1 81. Kg2 e2 82. Kg1 Ra8 83. Kg2 Re8 84. Kg1 Rf8 85. Kg2 Rh8 1/2-1/2

[Event "TUR Cup"]
[Site "Antalya"]
[Date "2019.02.03"]
[Round "11"]
[White "Pektas, Yigit"]
[Black "Yilmazyerli, Mert"]
[Result "0-1"]
[WhiteElo "2019"]
[BlackElo "2436"]
[PlyCount "106"]
[EventDate "2019.01.27"]
[EventType "swiss"]
[EventRounds "11"]
[EventCountry "TUR"]
[SourceTitle "CBM 188 Extra"]
[Source "ChessBase"]
[SourceDate "2019.02.28"]
[SourceVersion "1"]
[SourceVersionDate "2019.02.28"]
[SourceQuality "1"]

1. d4 Nf6 2. c4 e6 3. Nf3 b6 4. g3 Ba6 5. b3 b5 6. Bg2 bxc4 7. Ne5 Bb4+ 8. Bd2 cxb3 9. axb3 Bxd2+ 10. Qxd2 d5 11. 0-0 0-0 12. Rc1 Qd6 13. Rc6 Nxc6 14. Rxa6 Nxe5 15. Rxd6 cxd6 16. dxe5 dxe5 17. Qb2 e4 18. e3 a5 19. Bf1 Rfb8 20. Nc3 a4 21. b4 a3 22. Qb3 d4 23. exd4 Nd5 24. b5 Nxc3 25. Qxc3 Rc8 26. Qa1 a2 27. Kg2 Rc1 28. Qxc1 a1Q 29. Qc6 Rb8 30. Qxe4 Qa8 31. Kf3 Kf8 32. Bc4 Qxe4+ 33. Kxe4 Rc8 34. Bd3 Rc3 35. h4 Ke7 36. Ke3 g6 37. Kd2 Rb3 38. Kc2 Ra3 39. Kd2 Kd6 40. Be4 f5 41. Bg2 Rb3 42. Bc6 f4 43. g4 Rb2+ 44. Ke1 Rb4 45. f3 Rxd4 46. g5 Rb4 47. Kf2 Rb2+ 48. Kg1 Ke5 49. Bd7 Kd5 50. Be8 Kd4 51. Bf7 Ke3 52. Bg8 Kxf3 53. Bxh7 Kg3 0-1

[Event "TUR Cup"]
[Site "Antalya"]
[Date "2019.02.02"]
[Round "10"]
[White "Olcum, Ahmet"]
[Black "Pektas, Yigit"]
[Result "0-1"]
[WhiteElo "2320"]
[BlackElo "2019"]
[PlyCount "64"]
[EventDate "2019.01.27"]
[EventType "swiss"]
[EventRounds "11"]
[EventCountry "TUR"]
[SourceTitle "CBM 188 Extra"]
[Source "ChessBase"]
[SourceDate "2019.02.28"]
[SourceVersion "1"]
[SourceVersionDate "2019.02.28"]
[SourceQuality "1"]

1. e4 c6 2. d4 d5 3. exd5 cxd5 4. Bf4 Nc6 5. c3 Nf6 6. Nd2 g6 7. h3 Bg7 8. Ngf3 0-0 9. Be2 Bf5 10. 0-0 Rc8 11. Re1 Re8 12. Qb3 Na5 13. Qa3 a6 14. g4 Bd7 15. Ne5 Nc6 16. Bf3 e6 17. Rad1 h6 18. g5 Nxe5 19. dxe5 Nh5 20. Bxh5 hxg5 21. Bxg6 gxf4 22. Bd3 Qh4 23. Kf1 f6 24. exf6 e5 25. Nf3 Qxh3+ 26. Ke2 Bg4 27. Kd2 Qxf3 28. Rg1 e4 29. Bc2 e3+ 30. Kc1 exf2 31. f7+ Kxf7 32. Rgf1 Qe3+ 0-1

[Event "TUR Cup"]
[Site "Antalya"]
[Date "2019.01.30"]
[Round "5"]
[White "Zekeriyaoglu, Ersen"]
[Black "Pektas, Yigit"]
[Result "0-1"]
[WhiteElo "1759"]
[BlackElo "2019"]
[PlyCount "128"]
[EventDate "2019.01.27"]
[EventType "swiss"]
[EventRounds "11"]
[EventCountry "TUR"]
[SourceTitle "CBM 188 Extra"]
[Source "ChessBase"]
[SourceDate "2019.02.28"]
[SourceVersion "1"]
[SourceVersionDate "2019.02.28"]
[SourceQuality "1"]

1. c4 f5 2. Nc3 Nf6 3. g3 g6 4. Bg2 Bg7 5. d4 0-0 6. h4 d6 7. Bg5 Nc6 8. Nf3 Ne4 9. Rc1 h6 10. Be3 Nxc3 11. bxc3 e5 12. d5 Na5 13. Qa4 b6 14. c5 Ba6 15. c6 f4 16. gxf4 exf4 17. Bd4 Qe7 18. 0-0 Bc4 19. Bxg7 Kxg7 20. Rfe1 Rf5 21. e4 Rh5 22. Bf1 Bxf1 23. Kxf1 Re8 24. Qd4+ Kh7 25. c4 Qd8 26. Ke2 Qc8 27. Rg1 Qf5 28. Kd3 Qh3 29. Ke2 Qf5 30. Kd3 Qh3 31. Ke2 a6 32. Rxg6 Rhe5 33. Nxe5 dxe5 34. Qd3 Qxd3+ 35. Kxd3 Kxg6 36. Rg1+ Kf7 37. a4 Nb3 38. f3 Nc5+ 39. Kc2 Nxa4 40. h5 Nc5 41. Rg6 Rh8 42. Kc3 a5 43. d6 cxd6 44. Rxd6 Ke7 45. Rg6 Ne6 46. c7 Nxc7 47. Rxb6 Ne6 48. Ra6 Nd4 49. Ra7+ Kf6 50. Ra6+ Kg5 51. Rxa5 Nxf3 52. c5 Nd4 53. Kc4 f3 54. Ra2 Kf4 55. Kd5 Rd8+ 56. Kc4 Kxe4 57. Ra6 f2 58. Rf6 Nf5 59. c6 f1Q+ 60. Kc5 Rd5+ 61. Kb6 Qb5+ 62. Kc7 Qa5+ 63. Kb7 Ne7 64. c7 Rb5+ 0-1

[Event "TUR-chT 1st League"]
[Site "Konya"]
[Date "2018.07.21"]
[Round "8.1"]
[White "Pektas, Yigit"]
[Black "Dolgun, Can"]
[Result "1-0"]
[WhiteElo "1975"]
[BlackElo "2080"]
[PlyCount "49"]
[EventDate "2018.07.16"]
[EventType "team-swiss"]
[EventRounds "9"]
[EventCountry "TUR"]
[SourceTitle "EXT 2019"]
[Source "ChessBase"]
[SourceDate "2018.10.10"]
[SourceVersion "1"]
[SourceVersionDate "2018.10.10"]
[SourceQuality "1"]
[WhiteTeam "Denizli Metin Surmeli"]
[BlackTeam "Ordu Buyuksehir Belediye"]
[WhiteTeamCountry "TUR"]
[BlackTeamCountry "TUR"]

1. d4 Nf6 2. Nf3 g6 3. Nbd2 d5 4. e3 Bg7 5. b4 0-0 6. c4 dxc4 7. Bxc4 Nbd7 8. 0-0 e5 9. Bb2 exd4 10. Bxd4 b6 11. e4 c5 12. bxc5 Nxc5 13. e5 Nfd7 14. Re1 Ne6 15. Bxe6 fxe6 16. Qb3 Qe7 17. Ne4 Bb7 18. Nf6+ Kh8 19. Ng5 Nxf6 20. exf6 Bxf6 21. Rxe6 Qd8 22. Bxf6+ Rxf6 23. Rd1 Qf8 24. Qc3 Kg7 25. Rxf6 1-0

[Event "TUR-chT 1st League"]
[Site "Konya"]
[Date "2018.07.19"]
[Round "6.7"]
[White "Guven, Oguz Kagan"]
[Black "Pektas, Yigit"]
[Result "0-1"]
[WhiteElo "2013"]
[BlackElo "1975"]
[PlyCount "106"]
[EventDate "2018.07.16"]
[EventType "team-swiss"]
[EventRounds "9"]
[EventCountry "TUR"]
[SourceTitle "EXT 2019"]
[Source "ChessBase"]
[SourceDate "2018.10.10"]
[SourceVersion "1"]
[SourceVersionDate "2018.10.10"]
[SourceQuality "1"]
[WhiteTeam "Aydin Egitim Merkezi"]
[BlackTeam "Denizli Metin Surmeli"]
[WhiteTeamCountry "TUR"]
[BlackTeamCountry "TUR"]

1. e4 Nf6 2. e5 Nd5 3. d4 d6 4. exd6 exd6 5. Bc4 Nf6 6. Nf3 Be7 7. 0-0 0-0 8. h3 Bf5 9. Bf4 Re8 10. Bd3 Qd7 11. c4 Nc6 12. Nc3 Bf8 13. a3 h6 14. Bh2 g5 15. d5 Ne5 16. Nxe5 dxe5 17. Bxf5 Qxf5 18. g4 Qg6 19. Re1 Bd6 20. Qf3 e4 21. Qg2 Bf4 22. Re2 Re7 23. c5 Rae8 24. Rae1 Re5 25. d6 Bxh2+ 26. Kxh2 cxd6 27. cxd6 R5e6 28. d7 Nxd7 29. Rxe4 Nc5 30. Rxe6 Rxe6 31. Rxe6 Qxe6 32. b4 Nd3 33. Qg3 Qc4 34. Ne2 Ne1 35. Ng1 Qe4 36. f3 Qe3 37. Kh1 Kg7 38. a4 Nd3 39. b5 Qd2 40. Qg2 Qxg2+ 41. Kxg2 Nc5 42. a5 Nb3 43. a6 bxa6 44. bxa6 Nc5 45. f4 Nxa6 46. fxg5 hxg5 47. Nf3 Kf6 48. h4 gxh4 49. Kh3 Nc5 50. Kxh4 a5 51. g5+ Kf5 52. Kh5 Ne6 53. Kh6 a4 0-1

[Event "TUR-chT 1st League"]
[Site "Konya"]
[Date "2018.07.19"]
[Round "5.5"]
[White "Pektas, Yigit"]
[Black "Gulsoy, Mustafa Alpago"]
[Result "1-0"]
[WhiteElo "1975"]
[BlackElo "1915"]
[PlyCount "47"]
[EventDate "2018.07.16"]
[EventType "team-swiss"]
[EventRounds "9"]
[EventCountry "TUR"]
[SourceTitle "EXT 2019"]
[Source "ChessBase"]
[SourceDate "2018.10.10"]
[SourceVersion "1"]
[SourceVersionDate "2018.10.10"]
[SourceQuality "1"]
[WhiteTeam "Denizli Metin Surmeli"]
[BlackTeam "Bulancak Ihsaniye Genclik"]
[WhiteTeamCountry "TUR"]
[BlackTeamCountry "TUR"]

1. d4 d5 2. Nf3 Nf6 3. e3 e6 4. Bd3 Be7 5. 0-0 c5 6. c3 Nc6 7. Nbd2 Qc7 8. dxc5 Bxc5 9. e4 dxe4 10. Nxe4 Nxe4 11. Bxe4 Bd7 12. Qe2 Ne7 13. b4 Bd6 14. c4 f5 15. c5 Be5 16. Bxb7 Bxa1 17. Bxa8 Bf6 18. Ng5 e5 19. Qc4 Bxg5 20. Bxg5 Ng6 21. c6 Bc8 22. Rd1 Ne7 23. Qc5 Be6 24. Rd7 1-0

[Event "TUR-chT 1st League"]
[Site "Konya"]
[Date "2018.07.18"]
[Round "4.2"]
[White "Pektas, Yigit"]
[Black "Acar, Utku Cengiz"]
[Result "0-1"]
[WhiteElo "1975"]
[BlackElo "2100"]
[PlyCount "107"]
[EventDate "2018.07.16"]
[EventType "team-swiss"]
[EventRounds "9"]
[EventCountry "TUR"]
[SourceTitle "EXT 2019"]
[Source "ChessBase"]
[SourceDate "2018.10.10"]
[SourceVersion "1"]
[SourceVersionDate "2018.10.10"]
[SourceQuality "1"]
[WhiteTeam "Denizli Metin Surmeli"]
[BlackTeam "Sertel Genclik"]
[WhiteTeamCountry "TUR"]
[BlackTeamCountry "TUR"]

1. d4 d5 2. Nf3 Nf6 3. c4 c6 4. e3 Bf5 5. Be2 e6 6. 0-0 Nbd7 7. Nbd2 Bd6 8. b3 0-0 9. Bb2 Ne4 10. Ne5 Nxe5 11. dxe5 Bb4 12. Nxe4 Bxe4 13. Qc1 Qg5 14. f3 Bg6 15. c5 b6 16. f4 Qe7 17. a3 Bxc5 18. b4 Rfb8 19. bxc5 bxc5 20. Bc3 c4 21. Bd1 a5 22. a4 Qa7 23. Qd2 c5 24. Be2 h6 25. Ra2 Rb3 26. Bd1 Rb7 27. Bc2 Bxc2 28. Rxc2 Rab8 29. Ra2 Rb3 30. Rd1 Qb7 31. Bxa5 Rd3 32. Qe2 Qb3 33. Rxd3 cxd3 34. Qd2 c4 35. Bc3 Qb1+ 36. Kf2 Qh1 37. Kg3 Rb1 38. a5 Rd1 39. Qf2 Rf1 40. a6 Rxf2 41. Kxf2 Qb1 42. Rb2 Qc1 43. a7 Qxc3 44. a8Q+ Kh7 45. Qa2 d4 46. Rd2 dxe3+ 47. Kxe3 Qc1 48. Qb2 Qg1+ 49. Rf2 Qe1+ 50. Kf3 c3 51. Qb5 Qd1+ 52. Ke3 c2 53. Rd2 Qe1+ 54. Kxd3 0-1

[Event "TUR-chT 1st League"]
[Site "Konya"]
[Date "2018.07.17"]
[Round "3.4"]
[White "Pektas, Yigit"]
[Black "Cakan, Cem"]
[Result "1-0"]
[WhiteElo "1975"]
[BlackElo "1957"]
[PlyCount "85"]
[EventDate "2018.07.16"]
[EventType "team-swiss"]
[EventRounds "9"]
[EventCountry "TUR"]
[SourceTitle "EXT 2019"]
[Source "ChessBase"]
[SourceDate "2018.10.10"]
[SourceVersion "1"]
[SourceVersionDate "2018.10.10"]
[SourceQuality "1"]
[WhiteTeam "Denizli Metin Surmeli"]
[BlackTeam "DCM Pamukkale Universiteli"]
[WhiteTeamCountry "TUR"]
[BlackTeamCountry "TUR"]

1. d4 d5 2. Nf3 Nf6 3. c4 c6 4. Qc2 dxc4 5. e4 b5 6. b3 cxb3 7. axb3 e6 8. Bd2 a5 9. Bd3 Be7 10. 0-0 Bb7 11. Rc1 h6 12. Nc3 Na6 13. e5 Nb4 14. exf6 Nxc2 15. fxe7 Qxe7 16. Rxc2 0-0 17. Ne4 a4 18. bxa4 Rxa4 19. Rxa4 bxa4 20. Nc5 Ra8 21. Ra2 a3 22. Bb4 Qc7 23. Rxa3 Rxa3 24. Bxa3 Qa5 25. Bb2 Qb4 26. Bc1 Qc3 27. Be3 f6 28. h3 Kf7 29. Be4 Qa1+ 30. Kh2 Qa8 31. Bc2 Bc8 32. Bb3 Qb8+ 33. g3 g5 34. Nd2 Ke7 35. Nc4 h5 36. Kg2 Qa7 37. Ba4 Bd7 38. Bc1 Kd8 39. Bd2 e5 40. Ba5+ Ke7 41. Bb6 Qb8 42. Nxd7 Kxd7 43. d5 1-0

[Event "TUR Cup										"]
[Site "Antalya"]
[Date "2018.02.03"]
[Round "11"]
[White "Pektas, Yigit"]
[Black "Sat, Eray"]
[Result "1/2-1/2"]
[WhiteElo "2133"]
[BlackElo "1841"]
[PlyCount "167"]
[EventDate "2018.01.27"]
[EventType "swiss"]
[EventRounds "11"]
[EventCountry "TUR"]
[SourceTitle "CBM 182 Extra"]
[Source "ChessBase"]
[SourceDate "2018.02.23"]
[SourceVersion "1"]
[SourceVersionDate "2018.02.23"]
[SourceQuality "1"]

1. d4 Nf6 2. Bg5 c5 3. Nc3 cxd4 4. Qxd4 Nc6 5. Qh4 e6 6. e4 Be7 7. f4 d6 8. 0-0-0 Qa5 9. Qe1 Bd7 10. Nf3 0-0-0 11. Nd2 a6 12. Nc4 Qc7 13. e5 d5 14. Bxf6 gxf6 15. Rxd5 Kb8 16. Be2 Nxe5 17. fxe5 exd5 18. Nxd5 Qc5 19. exf6 Bd6 20. Nxd6 Qxd6 21. Qg3 Qxg3 22. hxg3 Bc6 23. Nf4 h6 24. Bc4 Rd6 25. Bxf7 Rxf6 26. Bc4 Re8 27. Rh2 Re5 28. Kd2 Rg5 29. Ne2 Bb5 30. Bxb5 Rxb5 31. b3 Rd5+ 32. Kc3 Rc6+ 33. Kb2 Rd2 34. Nc3 Rd4 35. Ne2 Re4 36. Ng1 Rg4 37. Rh3 Rcg6 38. Ne2 Rc6 39. Nf4 Rg5 40. c4 Kc7 41. Kc3 b5 42. Kd4 bxc4 43. bxc4 Ra5 44. Nd5+ Kb7 45. g4 Rg6 46. Rb3+ Ka7 47. Rg3 Rxa2 48. Ne7 Re6 49. Nd5 Ree2 50. Rf3 Rf2 51. Rh3 Rxg2 52. Rxh6 Rxg4+ 53. Kc3 Rag2 54. Kb4 Rg6 55. Rh8 R2g4 56. Kc5 Rg8 57. Rh7+ R4g7 58. Rh6 Rc8+ 59. Kb4 Rb7+ 60. Kc3 a5 61. Rh1 Rg7 62. Ra1 Rg3+ 63. Kd4 Rg4+ 64. Kd3 Rc5 65. Ne3 Rh4 66. Kc3 Kb6 67. Rb1+ Kc6 68. Ra1 Kd6 69. Kd3 Ke5 70. Rf1 Rd4+ 71. Kc3 Ke4 72. Rf4+ Kxf4 73. Kxd4 Rc8 74. Nd5+ Kf3 75. Nb6 Rd8+ 76. Kc5 Ke4 77. Kb5 Kd4 78. c5 Rh8 79. Nd7 Ra8 80. c6 a4 81. Nb6 Ra7 82. Nxa4 Rh7 83. Kb6 Kd5 84. Nc3+ 1/2-1/2

[Event "TUR Cup										"]
[Site "Antalya"]
[Date "2018.02.02"]
[Round "10"]
[White "Korkmaz, Turhan"]
[Black "Pektas, Yigit"]
[Result "1-0"]
[WhiteElo "1871"]
[BlackElo "2133"]
[PlyCount "63"]
[EventDate "2018.01.27"]
[EventType "swiss"]
[EventRounds "11"]
[EventCountry "TUR"]
[SourceTitle "CBM 182 Extra"]
[Source "ChessBase"]
[SourceDate "2018.02.23"]
[SourceVersion "1"]
[SourceVersionDate "2018.02.23"]
[SourceQuality "1"]

1. d4 d5 2. e3 Nf6 3. Bd3 e6 4. f4 c5 5. c3 Be7 6. Nf3 Nbd7 7. Nbd2 b6 8. Ne5 Bb7 9. Ndf3 0-0 10. Qe2 Ne4 11. Bd2 f6 12. Nxd7 Qxd7 13. 0-0-0 c4 14. Bc2 b5 15. g4 a5 16. g5 b4 17. gxf6 gxf6 18. Nh4 Kh8 19. Qh5 Rg8 20. Rdg1 bxc3 21. Bxc3 Bb4 22. Bxe4 dxe4 23. Ng6+ Rxg6 24. Rxg6 Bxc3 25. bxc3 Qe7 26. Rg2 Qa3+ 27. Rb2 Bc6 28. Qf7 Rf8 29. Qxe6 Qxc3+ 30. Kb1 Qd3+ 31. Ka1 c3 32. Rb8 1-0

[Event "TUR Cup										"]
[Site "Antalya"]
[Date "2018.01.30"]
[Round "6"]
[White "Akkok, Durdu"]
[Black "Pektas, Yigit"]
[Result "0-1"]
[WhiteElo "1752"]
[BlackElo "2133"]
[PlyCount "48"]
[EventDate "2018.01.27"]
[EventType "swiss"]
[EventRounds "11"]
[EventCountry "TUR"]
[SourceTitle "CBM 182 Extra"]
[Source "ChessBase"]
[SourceDate "2018.02.23"]
[SourceVersion "1"]
[SourceVersionDate "2018.02.23"]
[SourceQuality "1"]

1. e4 e5 2. Nf3 d6 3. d4 exd4 4. Nxd4 Nf6 5. Nc3 Be7 6. h3 0-0 7. Bd3 c5 8. Nf5 Bxf5 9. exf5 d5 10. 0-0 Nc6 11. Bf4 Qd7 12. g4 c4 13. Be2 d4 14. Nb5 a6 15. Na3 b5 16. Bf3 Nd5 17. Bg3 c3 18. Qc1 Bxa3 19. bxa3 d3 20. cxd3 Nd4 21. Qd1 c2 22. Qc1 Nxf3+ 23. Kg2 Qc6 24. Kxf3 Nc3+ 0-1

[Event "TUR Cup										"]
[Site "Antalya"]
[Date "2018.01.29"]
[Round "4"]
[White "Arat, Ufuk Sezen"]
[Black "Pektas, Yigit"]
[Result "1-0"]
[WhiteElo "2361"]
[BlackElo "2133"]
[PlyCount "110"]
[EventDate "2018.01.27"]
[EventType "swiss"]
[EventRounds "11"]
[EventCountry "TUR"]
[SourceTitle "CBM 182 Extra"]
[Source "ChessBase"]
[SourceDate "2018.02.23"]
[SourceVersion "1"]
[SourceVersionDate "2018.02.23"]
[SourceQuality "1"]

1. c4 c6 2. d4 d5 3. Nf3 Nf6 4. e3 e6 5. b3 Nbd7 6. Bb2 Bd6 7. Bd3 0-0 8. 0-0 b6 9. Nc3 Bb7 10. Qe2 Re8 11. cxd5 exd5 12. Ba6 Qc8 13. Bxb7 Qxb7 14. Rac1 Rac8 15. Rfd1 Nf8 16. Nb1 Ng6 17. Ba3 Bb8 18. Rc2 Ne4 19. Ne1 f5 20. g3 Qd7 21. Qh5 Nh8 22. Nd3 Nf7 23. Nd2 Nf6 24. Qe2 g5 25. f4 gxf4 26. gxf4 Kh8 27. Ne5 Bxe5 28. dxe5 Rg8+ 29. Kh1 Ne8 30. e6 Qxe6 31. Bb2+ Nf6 32. Nf3 h6 33. Nd4 Qe4+ 34. Qf3 Nd6 35. Qxe4 Ndxe4 36. Nxf5 Rc7 37. Be5 Rd7 38. Ng3 Kh7 39. Bxf6 Nxf6 40. Rxc6 Ng4 41. Rd4 Nxe3 42. f5 Rf7 43. f6 Ng4 44. Rf4 d4 45. Rxd4 Nxf6 46. Rdd6 Rgf8 47. Kg2 Ng8 48. Kh3 Rf3 49. Rc7+ R8f7 50. Rdd7 Kg6 51. Rxa7 Rxd7 52. Rxd7 Rf6 53. Ne2 Rf2 54. Rd6+ Nf6 55. Ng3 Kg5 1-0